F1 Race Winners - Sudden Death - Statistics

General Stats
  • This quiz has been taken 759 times
  • The average score is 12 of 22
Answers on the Grid
Answers color-coded by a green-red scale on the quiz's grid according to % correct below.
Zhou Guanyu
David Coulthard
Enzo Fittipaldi
Emerson Fittipaldi
Mika Häkkinen
Heikki Kovalainen
Robert Shwartzman
Nicholas Latifi
Luigi Musso
Ralf Schumacher
Mick Schumacher
Valtteri Bottas
Jacques Laffite
Lewis Hamilton
Esteban Ocon
Nico Rosberg
Antonio Giovinazzi
Niki Lauda
Jackie Stewart
Nyck de Vries
Robert Kubica
Pastor Maldonado
Lando Norris
Pietro Fittipaldi
Nelson Piquet
Bruce McLaren
Pierre Gasly
Lance Stroll
Kimi Räikkönen
Jolyon Palmer
George Russell
Charles Leclerc
 
Answer Stats
Answer % Correct
David Coulthard
81%
Mika Häkkinen
70%
Valtteri Bottas
66%
Charles Leclerc
64%
Lewis Hamilton
64%
George Russell
63%
Nico Rosberg
62%
Niki Lauda
62%
Kimi Räikkönen
61%
Lando Norris
60%
Nelson Piquet
57%
Emerson Fittipaldi
55%
Pierre Gasly
55%
Jackie Stewart
53%
Esteban Ocon
52%
Ralf Schumacher
48%
Bruce McLaren
46%
Heikki Kovalainen
45%
Robert Kubica
41%
Pastor Maldonado
39%
Jacques Laffite
35%
Luigi Musso
29%
No matching quizzes found
Score Distribution
Percent of People with Each Score
Percentile by Number Answered
Your Score History
You have not taken this quiz